| 000 | 00370nam a2200145Ia 4500 | ||
|---|---|---|---|
| 008 | 151213s9999 xx 000 0 und d | ||
| 100 | _aAl Mujahidy | ||
| 245 |
_aSilhouette Al Mujahedy _cAl Mujahidy |
||
| 260 |
_aDhaka _bArifa Ghoni _c2000 |
||
| 300 | _a8851 p. | ||
| 650 | _aEnglish Literature | ||
| 650 | _aEnglish Literature | ||
| 700 | _aAl Mujahidy | ||
| 999 |
_c4636 _d4636 |
||